| 000 | 00865nam a2200265Ia 4500 | ||
|---|---|---|---|
| 001 | Para_3300 | ||
| 003 | CHAP | ||
| 008 | 220125s9999 xx 000 0 und d | ||
| 010 | _a201743 | ||
| 040 | _cCHAP | ||
| 082 | _aPA-C 595.77 D5 | ||
| 100 |
_aReinhard, H. J. _995778 |
||
| 245 |
_aRevision of the american parasitic flies belonging to de genus Winthemía / _c by H. J. Reìnhard |
||
| 440 |
_aDíptera ; 6 _9164823 |
||
| 500 | _aSobretiro de: Proceedings U. S. National Museum 79 (2886): 1-54. Encuadernado con otros impresos similares | ||
| 650 |
_aDípteros _933715 |
||
| 650 |
_aWinthemia quadripustulata _9122315 |
||
| 901 | _aPA-C 595.77 D5 | ||
| 902 | _aA | ||
| 905 | _a000000 0000000000 00 | ||
| 910 | _a | ||
| 942 | _cPARA | ||
| 942 |
_cPARA _d1 |
||
| 999 |
_c201743 _d201743 |
||